Statistics for Video game weapons: Roblox Arsenal

Click here to take the quiz!

General Stats

  • This quiz has been taken 11 times
  • The average score is 27 of 163

Answer Stats

HintAnswer% Correct
Assault riflesAK-47
88%
AK-74
88%
BAR
63%
Barrett
63%
Deagle
50%
Railgun
50%
launchersRocket launcher
50%
AWP
38%
BowsBow
38%
Concussion rifle
38%
Firework launcher
38%
Grease gun
38%
Ice stars
38%
M14
38%
RPG
38%
Sako 85
38%
TP launcher
38%
AUG
25%
Autobow
25%
Baseball launcher
25%
Crossbow
25%
Dual volcanics
25%
Falkor
25%
FN FAL
25%
Golden gun
25%
Handcannon
25%
Marksman riflesHenry Rifle
25%
Lever shotgun
25%
Literal gun
25%
pistolsM1911
25%
M1A1 carbine
25%
M1A1 paratrooper
25%
Sniper riflesM40
25%
M9
25%
Maxim 9
25%
Minigun
25%
Mossberg 500
25%
Peacemaker
25%
PIZZA
25%
Presents
25%
Python
25%
SKS
25%
Spas12
25%
Spencer carbine
25%
Tommy gun
25%
TOZ-106
25%
Trench gun
25%
Vector
25%
Windicator
25%
Z80
25%
AA-12
13%
SpecialAcid spitter
13%
Armament
13%
BH10
13%
ThrowablesBomb
13%
Calico
13%
Candy cane minigun
13%
Cone launcher
13%
DBS
13%
DB shotgun
13%
Golden musket
13%
Dragunov
13%
Dual LCRs
13%
Dual shotguns
13%
Electric revolver
13%
EM249
13%
Explosive barrel
13%
Flamethrower
13%
FMG-9
13%
Focus
13%
G11
13%
G-18
13%
G-19X
13%
G-21
13%
Gatling gun
13%
Hi Power
13%
Hush Puppy
13%
inertial shotgun
13%
Kolibri
13%
Laser Rifle
13%
Luger
13%
M14 EBR
13%
M16A1
13%
M16A2
13%
M1919A6
13%
M1 garand
13%
M249
13%
M4A1
13%
M60
13%
M79
13%
SMGMac-10
13%
Makarov
13%
MG36
13%
Machine gunsMG42
13%
MGL
13%
Micro Uzis
13%
minifigure
13%
MK18
13%
Model 635
13%
Mosin nagant
13%
MP5K
13%
MP7
13%
MP9S
13%
Musket
13%
Origami gun
13%
Ornament
13%
P250
13%
P90
13%
Paintball gun
13%
Pathbringer
13%
Peppermint rifle
13%
Plasma launcher
13%
Pocket potassium
13%
PP bizon
13%
PPSH
13%
Pulse Laser
13%
Pulse musket
13%
RJL breach
13%
Slingshot
13%
Snowball
13%
Soul pistol
13%
Spellbook
13%
Springfield rifle
13%
Stake launcher
13%
Sten
13%
Sunflower Sun
13%
Tavor
13%
Tec-9
13%
Trash can
13%
usp
13%
UZI
13%
Water Balloon
13%
AKM
0%
Arm cannon
0%
Blunderbuss
0%
Chord tosser
0%
Dispenser
0%
FAMAS
0%
G36
0%
G3SG1
0%
Galil
0%
L86A3
0%
Lighning Cannon
0%
little tom
0%
MAG-7
0%
Mat-49
0%
Mauser carbine
0%
MS556
0%
Nailgun
0%
Nutcracker
0%
prismas
0%
Pump shotgun
0%
R800
0%
Razor bomb
0%
SCAR-H
0%
SCAR-L
0%
SG550
0%
Superball
0%
Ultraball
0%
UMP-45
0%
Webley
0%
ShotgunXM1014
0%
XR15
0%

Score Distribution

Percentile by Number Answered

Percent of People with Each Score

Your Score History

You have not taken this quiz